Textbook of Applied Nutrition and Dietetics for undergraduate Nursing Students (Record no. 159548)
[ view plain ]
| 000 -LEADER | |
|---|---|
| fixed length control field | 00442nam a2200145Ia 4500 |
| 008 - FIXED-LENGTH DATA ELEMENTS--GENERAL INFORMATION | |
| fixed length control field | 230519s9999 xx 000 0 und d |
| 020 ## - INTERNATIONAL STANDARD BOOK NUMBER | |
| International Standard Book Number | 978-81-947276-6-8 |
| 041 ## - LANGUAGE CODE | |
| Language code of text/sound track or separate title | eng |
| 082 ## - DEWEY DECIMAL CLASSIFICATION NUMBER | |
| Classification number | N/613.2/BAN/DB0964 |
| 100 ## - MAIN ENTRY--PERSONAL NAME | |
| Personal name | Bandana |
| 9 (RLIN) | 180188 |
| 245 ## - TITLE STATEMENT | |
| Title | Textbook of Applied Nutrition and Dietetics for undergraduate Nursing Students |
| 260 ## - PUBLICATION, DISTRIBUTION, ETC. (IMPRINT) | |
| Name of publisher, distributor, etc. | Vision Health Sciences Publishers |
| Place of publication, distribution, etc. | Panjab |
| Date of publication, distribution, etc. | 2021 |
| 300 ## - PHYSICAL DESCRIPTION | |
| Extent | 356p |
No items available.